000 00351nam a2200133Ia 4500
008 231217s9999 xx 000 0 und d
041 _aEnglish
082 _a001.6424 KIT `R'
100 _aKit, Edward
245 0 _aSoftware testing in the real world: Improving the process
260 _c1995
_bAddison-Wesley
300 _axiv+252
942 _cAA
999 _c167506
_d167506